| 000 | 01204nam0a22003131 4500 | ||
|---|---|---|---|
| 001 | RU\NLR\INFOCOMM_161\5000045863 | ||
| 005 | 20250613091805.0 | ||
| 035 | _a(NLR Aleph) 009132541 | ||
| 090 |
_a8286125 _c8286125 |
||
| 100 | _a20090710d1986 |||y0rusy50 ca | ||
| 101 | 0 | _aeng | |
| 102 | _aRU | ||
| 105 | _aa ||||000|y | ||
| 200 | 1 |
_aThe stage of spontaneous flame propagation in supernovae _fS. I. Blinnikov, A. M. Khokhlov |
|
| 210 |
_aΜ. _cAtominform _d1986 |
||
| 215 |
_a25 с. _cграф. _d20 см |
||
| 225 | 1 |
_aPreprint _fInst. of theoretical a. experimental physics _vITEP 86-190 |
|
| 300 | _aВ вып. дан.: Стадия спонтанного распространения пламени в сверхновых / С. И. Блинников, А. М. Хохлов | ||
| 320 | _aБиблиогр.: с. 24-25 | ||
| 606 |
_aЗвезды сверхновые _2nlr_sh1 |
||
| 686 |
_aВ662.324 _2rubbk |
||
| 700 | 1 |
_aBlinnikov _bS. I. _gSergej Ivanovič _4070 |
|
| 701 | 1 |
_9z04790 _aChochlov _bA. M. _gAleksej Moiseevič _4070 |
|
| 790 | 1 |
_9z04701 _aKhokhlov _bA. M. _4070 |
|
| 801 | 1 |
_aRU _bNLR _c20090710 |
|
| 801 | 0 |
_aRU _bNLR _gPSBO |
|
| 852 |
_aNLR _jА01 Д-4/371 |
||
| 942 | _cBOOK | ||
| 980 | _aNB | ||